000 00333nam a2200145Ia 4500
008 230917s9999||||xx |||||||||||||| ||und||
040 _e136470
_aMAIN
041 _aEnglish
082 _a821.8 Y34S
100 _aYeats, W.B.
245 0 _aSelected poetry
260 _aLondon
_bPan Books
_c1974
300 _a232p p.
942 _cBK
999 _c232915
_d232915